Jujutsu Kaisen Cursed Tools - Statistics

General Stats
  • This quiz has been taken 123 times
  • The average score is 5 of 17
Answer Stats
Hint Answer % Correct
Three Section Staff used by Toji Fushigoro, Suguru Geto, Maki Zenin, Megumi Fushigoro and Aoi Todo Taken by the Reincarnated Toji Fushigoro Who Broke and Sharpened it to Exorcise Dagon Playful Cloud
81%
Another Weapon Used by Toji Fushigoro, this Used Against Satoru Gojo in Order to Bypass Infinity and 'Kill' the Honoured One. Has the Ability to Force the Release of any Technique Inverted Spear of Heaven
77%
The Cursed Tool Given To Yuji Itadori by Satoru Gojo Before He Learnt Cursed Energy'Borrowed' From Maki Zenin and Lost When Yuji's Hand is Severed Slaughter Demon
64%
A Weapon Used by Miguel in His Fight Against Satoru Gojo During the Night Parade of 1000 Demons. Has the Ability to Disrupt and Release Others Cursed Techniques Black Rope
40%
Sword Used by Toji Fushigoro against Suguru Geto to Exorcise Rainbow DragonLater Recreated by Mai Zenin in a Different Form in Exchange for Her Life Soul Split Katana
38%
The Recreation of Number 5 by Mai Zenin Using her Construction Technique in Exchange for Her Life. Used by Maki Zenin After her Awakening Most Notably Against the Zenin Clan. Dragon Bone
36%
Yet Another Tool Utilised by Toji Fushigoro, this One Used in Tandem with the Former to create a Deadly Ranged Weapon. This Has the Unique Ability of Having a Limitless Length if One End is Hidden Chain of a Thousand Miles
22%
A Weapon Made by Yorozu After Being Defeated by Sukuna for Him, Once Again in Exchange for Her Life. Has the Ability to Generate Lightning Based Attacks. Confiscated by Hiromi Higurma Quick into Their Fight Kamutoke
22%
A Cursed Tool Made by Mahoraga in Order to Easily Exorcise Cursed Spirit due to it's Nature of Being Made Entirely of Positive Energy. Attempted to Use Against Sukuna While Adapting to What He Was. Sword of Extermination
15%
A Cursed Tool Used by The Cursed Spirit Kurourushi That Can Be Used to Fire His Egg Cursed Technique at Targets Festering Life Sword
12%
A Cursed Tool Utilised by Maki Zenin Before Her Awakening as She Was Unable to See or Sense Cursed Spirit, This Tool Letting Her Do So Maki's Glasses
11%
A Cursed Tool Used by Mai Zenin In Order to Fool Opponents by Using the Six Bullet Barrel in Tandem with Her Construction Cursed Technique to Surprise with A Seventh Bullet Mai's Revolver
10%
A Cursed Tool Used by Mai Zenin in Order to Attack Kenjaku at a Distance in the Crater that was Once Shibuya Mai's Rifle
10%
Sword Used by Kasumi Miwa Is Stolen by Maki and Broken Against Hanami, Then a Reforge is Broken by Kenjaku Miwa's Katana
9%
A Cursed Tool Used by Kento Nanami with His Ratio Cursed Technique. It is a Short, Thick Blade Wrapped in a Polka Dot Cloth Which Resembles His Tie. Inherited by Takuma Ino with the Ratio Cursed Technique Embedded in the Weapon After Nanami's Death Nanami's Cleaver
9%
Staff Used by Maki Zenin in Kyoto Goodwill Event Is Broken in Two During Maki's Duel with Kasumi Miwa Maki's Naginata
5%
A Cursed Tool Used by Hajime Kashimo as a Lightning Rod for his Unique Cursed Energy Trait to be Channeled Through, Effectively Causing Lightning Attacks. Kashimo's Nyoi Staff
2%
No matching quizzes found
Score Distribution
Percent of People with Each Score
Percentile by Number Answered
Your Score History
You have not taken this quiz